Seasonal and clonal variations in technological properties of raw natural rubber compared with the physiological parameters of its latex (Record no. 68482)
[ view plain ]
| 000 -LEADER | |
|---|---|
| fixed length control field | 02455nam a2200241Ia 4500 |
| 100 ## - MAIN ENTRY--AUTHOR NAME | |
| Personal name | Le Roux Y |
| 245 #0 - TITLE STATEMENT | |
| Title | Seasonal and clonal variations in technological properties of raw natural rubber compared with the physiological parameters of its latex |
| 260 ## - PUBLICATION, DISTRIBUTION, ETC. (IMPRINT) | |
| Name of publisher | Proceedings of IRRDB Symposium 1999, Hainan, Peoples Republic of China. pp.387-403. |
| Year of publication | 1999 |
| 520 ## - SUMMARY, ETC. | |
| Summary, etc | The variation in the quality of raw natural rubber causes serious problems associated with the processing and grading of the product which is the reason why NR consumers increasingly demand for a more consistent and homogeneous raw material. However, the quality of processed crop varies with changes in season, clonal origin and especially with the maturation time of the cupliump material. This study was mainly undertaken to evaluate the contribution of these sources of variation and where possible, identify some physiological parameters of the latex as early markers of the technological properties of the processed crumb. Relationships between certain physiological parameters of latex (analysed by micro-latex diagnosis technique) and some relevant technological properties of the raw processed rubber were estimated for some selected clones. The variations in these properties were greatly influenced by eco-climatic conditions whereas highly significant clonal variations were observed in the physiological parameters of latex while these variations were not so obvious for most of the technological properties. Some effects of maturatioon prior to processing on these technological properties were also observed, especially for the Plasticity retention index. Finally, significant correlations were observed between some technological properties and physiological parameters notably beetween the inorganic phosphorus and Plasticity retention Index, between the total solids content and the Mooney viscosity. This study shall be pursued to definitely establish the physiological parameters of latex as early markers of the technological properties of raw processed crumb. |
| 650 ## - SUBJECT ADDED ENTRY--TOPICAL TERM | |
| Topical Term | Clonal variations |
| 650 ## - SUBJECT ADDED ENTRY--TOPICAL TERM | |
| Topical Term | Cuplump maturation |
| 650 ## - SUBJECT ADDED ENTRY--TOPICAL TERM | |
| Topical Term | Natural rubber latex |
| 650 ## - SUBJECT ADDED ENTRY--TOPICAL TERM | |
| Topical Term | Seasonal variation |
| 650 ## - SUBJECT ADDED ENTRY--TOPICAL TERM | |
| Topical Term | Technological properties |
| 700 ## - ADDED ENTRY--PERSONAL NAME | |
| Personal name | Ehabe E |
| 700 ## - ADDED ENTRY--PERSONAL NAME | |
| Personal name | Gobina S |
| 700 ## - ADDED ENTRY--PERSONAL NAME | |
| Personal name | Ngolemasango F |
| 700 ## - ADDED ENTRY--PERSONAL NAME | |
| Personal name | Nkeng G |
| 700 ## - ADDED ENTRY--PERSONAL NAME | |
| Personal name | Nkengafac J |
| 700 ## - ADDED ENTRY--PERSONAL NAME | |
| Personal name | Sainte-Beuve J |
| 942 ## - ADDED ENTRY ELEMENTS (KOHA) | |
| Koha item type | Journals |
| Withdrawn status | Lost status | Damaged status | Not for loan | Home library | Current library | Shelving location | Date acquired | Koha item type |
|---|---|---|---|---|---|---|---|---|
| Journals | RRII Library | RRII Library | Rubber chemistry | 17/12/2021 | Journals |